000 00395nam a2200145Ia 4500
008 230917s9999||||xx |||||||||||||| ||und||
040 _e109138
_aMAIN
041 _aEnglish
082 _a005.133 G733S
100 _aGottfried, Byron S
245 0 _aShaum's outline theory and problems of programming with C
250 _a2nd ed.
260 _aNew Delhi
_bTata McGraw-Hill
_c2005
942 _cBK
999 _c129367
_d129367